[Event "GER-chT U14 Girls"]
[Site "Willingen"]
[Date "2021.06.26"]
[Round "5.9"]
[White "Neininger, Sarah"]
[Black "Symanski, Linda"]
[Result "1-0"]
[WhiteElo "1469"]
[BlackElo "1012"]
[PlyCount "125"]
[EventDate "2021.06.23"]
[EventType "team-swiss"]
[EventRounds "7"]
[EventCountry "GER"]
[SourceTitle "EXT 2022"]
[Source "ChessBase"]
[SourceDate "2021.10.06"]
[SourceVersion "1"]
[SourceVersionDate "2021.10.06"]
[SourceQuality "1"]
[WhiteTeam "Oberursel"]
[BlackTeam "Essen Werden"]
[WhiteTeamCountry "GER"]
[BlackTeamCountry "GER"]

1. e4 d5 2. exd5 Nf6 3. Bb5+ Bd7 4. Bc4 Bf5 5. Nc3 Nbd7 6. Nge2 Nb6 7. Bb3 Nbxd5 8. Nxd5 Nxd5 9. d4 e6 10. 0-0 Bd6 11. Ng3 Qh4 12. Qf3 Bg4 13. Qe4 f5 14. Qxe6+ Ne7 15. f4 Bh5 16. Nxf5 Qf6 17. Qxf6 gxf6 18. Ng7+ Kd8 19. Nxh5 f5 20. c4 Nc6 21. Be3 Re8 22. Rae1 Bb4 23. Nf6 Re6 24. Nxh7 Bxe1 25. Rxe1 Re7 26. Ng5 Nb4 27. Bd2 Rxe1+ 28. Bxe1 Nd3 29. Bd2 Nxb2 30. h4 Ke7 31. Bc3 Nd3 32. g3 Kf6 33. Bd2 Rd8 34. Bc3 Kg6 35. g4 Nxf4 36. gxf5+ Kxf5 37. Kf2 Kg4 38. Bd2 Rxd4 39. Nf3 Re4 40. Bd1 Nd3+ 41. Kg1 Kg3 42. h5 Nf2 43. Be1 Rg4 44. Bxf2+ Kf4+ 45. Kf1 Kf5 46. Nd4+ Rxd4 47. Bxd4 Kg5 48. Be3+ Kf6 49. h6 Kf7 50. h7 Kg7 51. Bc2 Kf6 52. h8Q+ Ke7 53. Kf2 Kd6 54. Qd4+ Ke6 55. Qxa7 Ke5 56. Qxb7 c6 57. Qc7+ Ke6 58. Qxc6+ Ke5 59. Qd5+ Kf6 60. Bg5+ Kg7 61. Qe5+ Kg8 62. Qe7 Kh8 63. Qh7# 1-0

[Event "GER-chT U14 Girls"]
[Site "Willingen"]
[Date "2021.06.26"]
[Round "6.7"]
[White "Symanski, Linda"]
[Black "Modali, Nikhilamrutha"]
[Result "1-0"]
[WhiteElo "1012"]
[BlackElo "1205"]
[PlyCount "97"]
[EventDate "2021.06.23"]
[EventType "team-swiss"]
[EventRounds "7"]
[EventCountry "GER"]
[SourceTitle "EXT 2022"]
[Source "ChessBase"]
[SourceDate "2021.10.06"]
[SourceVersion "1"]
[SourceVersionDate "2021.10.06"]
[SourceQuality "1"]
[WhiteTeam "Essen Werden"]
[BlackTeam "Hamburger SK"]
[WhiteTeamCountry "GER"]
[BlackTeamCountry "GER"]

1. d4 Nf6 2. e3 g6 3. Be2 Bg7 4. h4 h5 5. c3 d5 6. Nf3 Nbd7 7. Nbd2 e6 8. b3 Ng4 9. Bb2 e5 10. g3 Qf6 11. e4 c6 12. Qc2 Bh6 13. Rf1 Bxd2+ 14. Nxd2 Nh2 15. Rh1 Ng4 16. Bxg4 hxg4 17. Rf1 b6 18. 0-0-0 Ba6 19. c4 dxc4 20. Nxc4 Bxc4 21. Qxc4 b5 22. Qc3 exd4 23. Qxd4 Qxd4 24. Bxd4 Rh5 25. Rfe1 g5 26. hxg5 Rxg5 27. e5 c5 28. e6 fxe6 29. Rxe6+ Kf7 30. Rd6 Ke7 31. Be3 Rgg8 32. Rxd7+ Ke6 33. Bxc5 Rac8 34. R1d6+ Ke5 35. Re7+ Kf5 36. b4 a5 37. a3 Rg6 38. Rxg6 Kxg6 39. Kd2 Kf6 40. Rb7 Rd8+ 41. Ke3 Re8+ 42. Kf4 axb4 43. axb4 Rg8 44. Rxb5 Ke6 45. Ke4 Kd7 46. Rb6 Kc7 47. Re6 Kd7 48. Kf5 Rf8+ 49. Bxf8 1-0

[Event "GER-chT U10"]
[Site "Magdeburg"]
[Date "2016.12.29"]
[Round "6.2"]
[White "Koegel, Fabio"]
[Black "Symanski, Linda"]
[Result "1-0"]
[WhiteElo "989"]
[BlackElo "600"]
[PlyCount "69"]
[EventDate "2016.12.27"]
[EventType "team-swiss"]
[EventRounds "7"]
[EventCountry "GER"]
[SourceTitle "EXT 2018"]
[Source "ChessBase"]
[SourceDate "2017.10.13"]
[SourceVersion "1"]
[SourceVersionDate "2017.10.13"]
[SourceQuality "1"]
[WhiteTeam "Walldorf"]
[BlackTeam "Essen Werden"]
[WhiteTeamCountry "GER"]
[BlackTeamCountry "GER"]

1. e4 e5 2. Qh5 Nf6 3. Qxe5+ Qe7 4. Qxe7+ Bxe7 5. Nc3 Nc6 6. Bb5 a6 7. Bxc6 dxc6 8. d4 c5 9. Nd5 Bd6 10. e5 Bf8 11. Nxc7+ Kd8 12. Nxa8 cxd4 13. Bg5 Bb4+ 14. c3 dxc3 15. 0-0-0+ Bd7 16. exf6 cxb2+ 17. Kxb2 h6 18. fxg7+ hxg5 19. gxh8Q+ Ke7 20. Rxd7+ Kxd7 21. a3 Bd6 22. Nf3 b5 23. Rd1 g4 24. Rxd6+ Kxd6 25. Qg7 Ke7 26. h3 gxf3 27. gxf3 b4 28. axb4 Ke6 29. Nc7+ Ke7 30. Nxa6 Ke6 31. Nc5+ Ke7 32. Nd7 Kxd7 33. Qxf7+ Kd6 34. Qf5 Ke7 35. Qg6 1-0